The greedy villager

Bibliographic Details
Main Author: Naima Gany Shaik Dawood
Format: Book
Published: Selangor : Karisma Publications , 2005
Series:Stories from India
Subjects:

MARC

LEADER 00000cam a2200000 7i4500
001 0000004431
005 20151222.0
008 070726
020 |a 9831950690(set) 
020 |a 9831950712 
090 0 0 |a JF   |b ENG (3918) 
100 0 |a Naima Gany Shaik Dawood 
245 1 4 |a The greedy villager   |c Naima Gany Shaik Dawood 
260 |a Selangor :   |b Karisma Publications ,   |c 2005 
440 |a Stories from India 
500 |a Children ages 7-9 years old (orange) 
650 0 |a Junior fiction   |x English   |x Languages 
999 |a 0000974207   |b Book   |c Children Collection   |e Cawangan Sri Merlong 
999 |a 0000974208   |b Book   |c Children Collection   |e Perbadanan Perpustakaan Awam Johor 
999 |a 0000974209   |b Book   |c Children Collection   |e Perbadanan Perpustakaan Awam Johor 
999 |a 0000974210   |b Book   |c Children Collection   |e Perbadanan Perpustakaan Awam Johor 
999 |a 0000974211   |b Book   |c Children Collection   |e Perbadanan Perpustakaan Awam Johor